000 01557nam a2200421Ia 4500
001 ebr10688227
003 CaPaEBR
006 m u
007 cr cn|||||||||
008 080609s2008 si a sb 001 0 eng d
010 _z 2008300906
020 _z9812794107
020 _z9789812794109
020 _z9812794115 (pbk)
020 _z9789812794116 (pbk)
020 _z9789812794123
040 _aCaPaEBR
_cCaPaEBR
035 _a(OCoLC)826660234
050 1 4 _aQB461
_b.G655 2008eb
082 0 4 _a523.01
_222
100 1 _aGonzalo, Julio A.
_q(Julio Antonio)
245 1 4 _aThe intelligible universe
_h[electronic resource] :
_ban overview of the last thirteen billion years /
_cJulio A. Gonzalo.
250 _a2nd ed.
260 _aSingapore ;
_aHackensack, NJ :
_bWorld Scientific Pub. Co.,
_cc2008.
300 _axv, 351 p. :
_bill.
504 _aIncludes bibliographical references and index.
533 _aElectronic reproduction.
_bPalo Alto, Calif. :
_cebrary,
_d2013.
_nAvailable via World Wide Web.
_nAccess may be limited to ebrary affiliated libraries.
610 2 0 _aCosmic Background Explorer (Satellite)
650 0 _aCosmology.
650 0 _aAstrophysics.
650 0 _aCosmic physics.
650 0 _aCosmic background radiation.
650 0 _aBig bang theory.
650 0 _aIntelligent design (Teleology)
655 7 _aElectronic books.
_2local
710 2 _aebrary, Inc.
856 4 0 _uhttp://site.ebrary.com/lib/rucke/Doc?id=10688227
_zAn electronic book accessible through the World Wide Web; click to view
999 _c29826
_d29826